Senior marketing bakalárska práca

Gespeichert in:
Bibliographische Detailangaben
1. Verfasser: Hudák, Miroslav
Körperschaft: Obchodná fakulta EU. Katedra marketingu
Weitere Verfasser: Hvizdová, Eva, ml
Format: Buch
Sprache:Slowakisch
Veröffentlicht: Bratislava 2013
Tags: Tag hinzufügen
Keine Tags, Fügen Sie das erste Tag hinzu!

MARC

LEADER 00000nbm a2200000 4500
001 0171242
005 20161109112025.4
041 0 |a slo 
044 |a SK 
245 1 0 |a Senior marketing  |b bakalárska práca  |c Miroslav Hudák ; školiteľ: Eva Hvizdová 
264 1 |a Bratislava  |c 2013 
300 |a 39 s. 
100 1 |a Hudák, Miroslav 
700 1 |a Hvizdová, Eva, ml. 
710 2 |a Obchodná fakulta EU. Katedra marketingu